000 00560cam a22002172a 4500
001 006548
003 AR-FADEU
008 311216n1986####xxu####################dd
020 _a968-16-2365-7
092 _a305.55
_bL913h
100 _aLowe, Donald M.
245 _aHistoria de la percepción burguesa
260 _aMéxico
260 _bFondo de Cultura Económica
260 _c1986
300 _a321 p
440 _aBreviarios
_n430
700 _aJuan José, Utrilla, tr.
650 _aCLASES SOCIALES; CLASE MEDIA; BURGUESIA
942 _cBDGR
999 _c12368
_d12368